Kvalita života - fenomén 21. storočia? nová agenda výskumu - výzva pre mladých
Saved in:
| Main Author: | |
|---|---|
| Format: | Book Chapter |
| Language: | Slovak |
| Tags: |
No Tags, Be the first to tag this record!
|
MARC
| LEADER | 00000naa$a2200000$$$4500 | ||
|---|---|---|---|
| 001 | 0062754 | ||
| 005 | 20240502071717.7 | ||
| 041 | 0 | |a slo | |
| 044 | |a SK | ||
| 245 | 1 | 0 | |a Kvalita života - fenomén 21. storočia? |b nová agenda výskumu - výzva pre mladých |c Ivan Laluha |
| 100 | 1 | |a Laluha, Ivan | |